00571nam a2200217Ia 4500008004100000020001800041050001600059050001400075100001800089245004300107245003200150260001600182260002500198260000900223300001600232300001100248500002000259650002700279650001900306650002800325180523s9999 xx 000 0 und d a81-7391-674-8 aMAIN LC 189 b.K38 2004 aKaushik, V.K. 0aSociology of teaching and curriculum / 0cV.K. Kaushik, Ravi Prakash. aNew Delhi : bKanishka Publishers, c2004 a264 pages : c21 cm. aIncludes index. aEducational sociology. aSocial change. xEducation -- Curricula.